Bí mật về tám vị tổng thống Trung Quốc Sách tham khảo T.2
Viết về cuộc đời sự nghiệp gia đình của các vị tổng thống Trung Quốc: Từ Thế Xương, Tào Côn, Tưởng Giới Thạch,Lý Tôn Nhân.
Đã lưu trong:
| Tác giả chính: | |
|---|---|
| Định dạng: | Sách |
| Năm xuất bản: |
H.
Chính trị Quốc gia
2002
|
| Chủ đề: | |
| Tags: |
Thêm thẻ
Không có thẻ, Hãy là người đầu tiên gắn thẻ bản ghi này!
|
| LEADER | 01092nam a2200205 4500 | ||
|---|---|---|---|
| 082 | |a 951.04092 |b V561H | ||
| 100 | |a Vương Hiểu Minh | ||
| 245 | |a Bí mật về tám vị tổng thống Trung Quốc |c Vương Hiểu Minh (chủ biên); Trần Khang dịch |n T.2 |b Sách tham khảo | ||
| 260 | |a H. |b Chính trị Quốc gia |c 2002 | ||
| 300 | |a 765 tr. |c 22 cm | ||
| 520 | |a Viết về cuộc đời sự nghiệp gia đình của các vị tổng thống Trung Quốc: Từ Thế Xương, Tào Côn, Tưởng Giới Thạch,Lý Tôn Nhân. | ||
| 653 | |a Lịch sử | ||
| 653 | |a Trung Quốc | ||
| 653 | |a Cuộc đời | ||
| 653 | |a Sự nghiệp | ||
| 653 | |a Tổng Thống | ||
| 942 | |2 ddc |c STK0 | ||
| 999 | |c 2761 |d 2761 | ||
| 952 | |0 0 |1 0 |2 ddc |4 0 |6 951_040920000000000_V561H |7 1 |8 900 |9 33188 |a qbu |b qbu |c D5 |d 2014-12-15 |g 73000 |o 951.04092 V561H |p 4076.C1 |r 0000-00-00 |w 2014-12-15 |y STK0 |0 0 |6 951_040920000000000_V561H | ||
| 952 | |0 0 |1 0 |2 ddc |4 0 |6 951_040920000000000_V561H |7 0 |8 900 |9 33189 |a qbu |b qbu |c D5 |d 2014-12-15 |g 73000 |o 951.04092 V561H |p 4076.C2 |r 0000-00-00 |w 2014-12-15 |y STK0 |0 0 |6 951_040920000000000_V561H | ||